Flexible friends (Record no. 64312)
[ view plain ]
| 000 -LEADER | |
|---|---|
| fixed length control field | 00925cam a2200229 4500 |
| 001 - CONTROL NUMBER | |
| control field | ABS62632 |
| 008 - FIXED-LENGTH DATA ELEMENTS--GENERAL INFORMATION | |
| fixed length control field | 000000n2000 000 0 eng u |
| 035 ## - SYSTEM CONTROL NUMBER | |
| System control number | (Sirsi) u107634 |
| 100 ## - MAIN ENTRY--PERSONAL NAME | |
| Personal name | Vivian, J. |
| 245 ## - TITLE STATEMENT | |
| Title | Flexible friends |
| 260 ## - PUBLICATION, DISTRIBUTION, ETC. | |
| Date of publication, distribution, etc. | 2000 |
| 490 ## - SERIES STATEMENT | |
| Series statement | Property Week |
| Volume/sequential designation | 65(27) 21 July 2000, 70-71(2) |
| 520 ## - SUMMARY, ETC. | |
| Summary, etc. | Looks at the important issue of lease flexibility, and questions whether the Landlord and Tenant Act 1954 is outdated in light of tenants' wishes for more flexible lease terms. Covers contracting out; expiration of a contracted-out letting; the need for change and agreements to surrender. |
| 590 ## - LOCAL NOTE (RLIN) | |
| Local note | ABS |
| 650 ## - SUBJECT ADDED ENTRY--TOPICAL TERM | |
| Topical term or geographic name entry element | LANDLORD AND TENANT ACT 1954 |
| 650 ## - SUBJECT ADDED ENTRY--TOPICAL TERM | |
| Topical term or geographic name entry element | FLEXIBLE LEASES |
| 650 ## - SUBJECT ADDED ENTRY--TOPICAL TERM | |
| Topical term or geographic name entry element | AGREEMENTS TO SURRENDER |
| 650 ## - SUBJECT ADDED ENTRY--TOPICAL TERM | |
| Topical term or geographic name entry element | CONTRACTING OUT |
| 650 ## - SUBJECT ADDED ENTRY--TOPICAL TERM | |
| Topical term or geographic name entry element | METROPOLITAN POLICE RECEIVER V PALACE GATE PROPERTIES LTD |
| 690 ## - LOCAL SUBJECT ADDED ENTRY--TOPICAL TERM (OCLC, RLIN) | |
| Topical term or geographic name as entry element | LANDLORD AND TENANT-BUSINESS TENANCIES |
| 942 ## - ADDED ENTRY ELEMENTS (KOHA) | |
| Suppress in OPAC | 0 |
| Withdrawn status | Lost status | Source of classification or shelving scheme | Damaged status | Not for loan | Home library | Current library | Shelving location | Date acquired | Total Checkouts | Full call number | Barcode | Date last seen | Copy number | Price effective from | Koha item type |
|---|---|---|---|---|---|---|---|---|---|---|---|---|---|---|---|
| Dewey Decimal Classification | London | London | Journal article | 08/08/2000 | ABS62632 | 107634-1001 | 06/08/2019 | 1 | 06/08/2019 | Journal article |